ՀՀ Գիտությունների ազգային ակադեմիայի հիմնարար գիտական գրադարան  =   Fundamental Scientific Library of NAS RA

Երկեր / (Record no. 81678)

MARC details
000 -LEADER
fixed length control field 00928nam a2200229 u 4500
001 - CONTROL NUMBER
control field 000231681
003 - CONTROL NUMBER IDENTIFIER
control field AM-YeHGA
005 - DATE AND TIME OF LATEST TRANSACTION
control field 20250618071553.0
008 - FIXED-LENGTH DATA ELEMENTS--GENERAL INFORMATION
fixed length control field 030605s1946 ai r 000 0 arm d
040 ## - CATALOGING SOURCE
Original cataloging agency AM-YeHGA
041 0# - LANGUAGE CODE
Language code of text/sound track or separate title arm
090 ## - LOCALLY ASSIGNED LC-TYPE CALL NUMBER (OCLC); LOCAL CALL NUMBER (RLIN)
-- 82946
100 1# - MAIN ENTRY--PERSONAL NAME
Personal name Վարուժան, Դանիել,
Dates associated with a name 1884-1915
9 (RLIN) 777
245 10 - TITLE STATEMENT
Title Երկեր /
Statement of responsibility, etc. Դ. Վարուժան; Կազմ. և խմբ.՝ Ս. Տարոնցի.
260 ## - PUBLICATION, DISTRIBUTION, ETC.
Place of publication, distribution, etc. Երևան :
Name of publisher, distributor, etc. Պետհրատ,
Date of publication, distribution, etc. 1946.
300 ## - PHYSICAL DESCRIPTION
Extent 478 էջ ;
Dimensions 20 սմ.
500 ## - GENERAL NOTE
General note Բառարան՝ էջ 437-477
505 0# - FORMATTED CONTENTS NOTE
Formatted contents note Սարսուռներ; Ցեղին սիրտը; Հեթոնասական երգեր; Հացին երգը; Արձակ էջեր; Թարգմանություններ; Նամակներ
650 14 - SUBJECT ADDED ENTRY--TOPICAL TERM
Topical term or geographic name entry element Արևմտահայ գրականություն
General subdivision Պոեզիա
700 1# - ADDED ENTRY--PERSONAL NAME
Personal name Տարոնցի, Սողոմոն,
Dates associated with a name 1905-1971
Relator term կազմ.
Relationship com
Relator term խմբ.
Relationship etd
9 (RLIN) 1707
942 ## - ADDED ENTRY ELEMENTS (KOHA)
Source of classification or shelving scheme Universal Decimal Classification
Koha item type Գրքեր / Books
Holdings
Withdrawn status Lost status Damaged status Not for loan Collection Home library Current library Date acquired Total checkouts Full call number Barcode Date last seen Price effective from Koha item type Public note Source of classification or shelving scheme
        General Fundamental Scientific Library Fundamental Scientific Library 22/12/2016   AII/29855 220029855 22/12/2016 22/12/2016 Գրքեր / Books 30 Days Loan  
        General Fundamental Scientific Library Fundamental Scientific Library 22/12/2016   AII/29856 220029856 22/12/2016 22/12/2016 Գրքեր / Books 30 Days Loan  
        General Fundamental Scientific Library Fundamental Scientific Library 22/12/2016   AII/29857 220029857 22/12/2016 22/12/2016 Գրքեր / Books 30 Days Loan  
        General Fundamental Scientific Library Fundamental Scientific Library 22/12/2016   AII/29858 220029858 22/12/2016 22/12/2016 Գրքեր / Books 30 Days Loan  
        Jahukyan Individual Collection Fundamental Scientific Library Fundamental Scientific Library 04/08/2022   Djauk/3077 906003077 22/12/2016 22/12/2016 Գրքեր / Books ILL Non-Circ. Universal Decimal Classification
        Hovhannisian Individual Collection Fundamental Scientific Library Fundamental Scientific Library 27/06/2018   Հովհ/2289 FL0508090 27/06/2018 27/06/2018 Գրքեր / Books ILL Non-Circ. Universal Decimal Classification


ՀՀ ԳԱԱ հիմնարար գիտական գրադարան
ՀՀ,Երևան 0019
Մարշալ Բաղրամյան 24/6
հեռախոս:(374-10) 52-47-50
Հետադարձ կապ

All site content, except where otherwise noted, is licensed under a
Creative Commons License